| 000 | 01120nam0a2200289 4500 | ||
|---|---|---|---|
| 001 | RU\NLR\bibl\1143952 | ||
| 005 | 20260408194504.0 | ||
| 021 |
_aRU _b2007-61390 _93279 |
||
| 035 | _a(NLR Aleph) 001130785 | ||
| 090 |
_a1356559 _c1356559 |
||
| 100 | _a20071022d2007 |||y0rusy50 ca | ||
| 101 | 0 | _arus | |
| 102 | _aRU | ||
| 105 | _aa ||||||||| | ||
| 200 | 1 |
_aПрименение маркетингового подхода в изучении рынка трудовых ресурсов _eмонография _fП.В. Черепов |
|
| 210 |
_a[Б.м.] _c[б.и.] _d[2007] _eСтавропольбланкиздат |
||
| 215 |
_a186 с. _cил. _d21 |
||
| 320 | _aБиблиогр.: с. 173-186 (197 назв.) | ||
| 606 |
_aТрудовые ресурсы _xМаркетинговые исследования _3RU\NLR\auth\661365147 _92278303 |
||
| 686 | _aУ24(2)0-361.4 | ||
| 700 | 1 |
_aЧерепов _bП. В. _gПетр Владимирович _4070 |
|
| 801 | 0 |
_aRU _bNLR _c20071022 _gRCR |
|
| 801 | 1 |
_aRU _bNLR _c20071022 |
|
| 830 | _aАвт. по ЭК. | ||
| 942 | _cBOOK | ||
| 980 | _aNB | ||